000 00458nam a2200181Ia 4500
001 7625
005 20260306160509.0
008 260306t2022||||xx |||||||||||||| ||spa||
041 _aESP
082 _a352.35
_bR91
100 _aRubina Meza, Johnny C.
_eAUT
245 0 _aEl control concurrente:
_bénfasis en la modalidad preventiva
260 _c2022
300 _a638 páginas :
_c25 cm.
650 _aGEN
654 _aCAN
942 _cLIB
_dJUS
_fJUS
_2ddc
_n
999 _c7625
_d7625